| 000 | 003250000a22001090004500 | ||
|---|---|---|---|
| 008 | 230817t ||||| |||| 00| 0 eng d | ||
| 245 |
_aLogos - _bVol 30 - No 02, June 1991 |
||
| 246 |
_aHer Story: _bCase Studies on Violence |
||
| 260 |
_aColombo: _bCentre for Society & Religion, _c1991 |
||
| 650 | _aAbuse of Girls | ||
| 942 | _cCR | ||
| 999 |
_c1760 _d1760 |
||